1576 1333 1444 1683 1092 1279 1607 1055 1775 1423 1303 1463 1321 1389 1483 1090 1101 1222 1737 1987 1219 1755 1575 1408 1459 1332 1485 1272 1135 1824 1901 1677 1339 1548 1804 1905 1801 1850 1469 1726 1089 1691 1853 1380 1625 1606 1119 1529 1182 1534 1612 1009 1096 1789 1116 1494 1573 1779 1148 1414 1363 1299 1303 1941 1905 1471 1913 1929 1339 1575 1232 1660 1254 1231 1598 1175 1665 1444 1302 1453 1860 1723 1404 1781 1369 1198 1426 1407 1297 1082 1282 1857 1733 1916 1686 1241 1292 1317 1616 BCNSPRNW ULIB Ver.6.0+V

เปลี่ยนเป็นภาษาไทย

Change to English
 แสดงรายละเอียดบรรณานุกรม
  กลับหน้าหลัก

Brief Record : Get Marc (ISO 2709) : E-mail record : QR code < ปิดหน้าต่าง
LEADER : 00000nam 2200000uu 4500
001    13399110864
003     ULIB
008    110610s2544||||th 000 0 tha d
020    9746117149 (ล.1)
020    9746131028 (ล.2)
060 04 WY16^bส719ป 2544 ล.2
245 00 เอกสารการสอนชุดวิชาประเด็นและแนวโน้มทางการพยาบาล หน่วยที่ 8-15=^bNursing issues and trends/^cละออ หุตางกูร ... [และคนอื่นฯ]
246 31 Nursing issues and trends
250    พิมพ์ครั้งที่ 14
260    นนทบุรี :^bสำนักพิมพ์มหาวิทยาลัยสุโขทัยธรรมาธิราช,^c2532-2544
300    ล.2 มี 459-98- หน้า :^bภาพประกอบ ;^c30 ซม
500    "เอกสารการสอนชุดวิชา 51303 หน่วยที่ 1-7, 8-15" -- หน้าปกใน
500    สิ่งพิมพ์ของ มหาวิทยาลัยสุโขทัยธรรมาธิราชสาขาวิชาวิทยาศาสตร์สุขภาพ
650  7 การพยาบาล
650  7 จรรยาบรรณพยาบาล
650  7 วิจัย
650  7 พยาบาล
700 0  ละออ หุตางกูร
710 1  มหาวิทยาลัยสุโขทัยธรรมาธิราช. ^bสาขาวิชาวิทยาศาสตร์สุขภาพ
945    ^p0^l0^i14753
995    เกษร
999     ^aใช้งานได้ทุกระบบ
รายการนี้ยังไม่มีแท็ก
คุณยังไม่ได้ล็อกอิน คุณสามารถมีกิจกรรมร่วมกับเว็บไซต์ได้ แต่ต้องล็อกอินก่อน ::
  ล็อกอิน

รายการสื่อสารสนเทศ

ลำดับที่ ประเภท เลขเรียก/บาร์โค้ด สถานที่ สถานะ
1. วิทยาศาสตร์การแพทย์ และสุขภาพ
วิทยาศาสตร์การแพทย์ และสุขภาพ
WY16 ส719ป 2544 ล.2  
  Barcode: 14753
ห้องสมุดวิทยาเขตสวรรค์ประชารักษ์
►นวนิยาย
บนชั้น
  ขอยืม

รายการใกล้เคียง
    หัวเรื่อง [การพยาบาล]
    หัวเรื่อง [จรรยาบรรณพยาบาล]
    หัวเรื่อง [วิจัย]
    หัวเรื่อง [พยาบาล]

BibComment


ยังไม่เคยถูกคอมเมนท์

คอมเมนท์ทรัพยากรรายการนี้
  คอมเมนท์: เอกสารการสอนชุดวิ..


 Copyright 2026. Bcnsprnw @Library